Called to care: (Record no. 12506)

000 -LEADER
fixed length control field 00604nam a2200181 a 4500
001 - CONTROL NUMBER
control field :::00010308$&:&@@
003 - CONTROL NUMBER IDENTIFIER
control field OkBaRHE
005 - DATE AND TIME OF LATEST TRANSACTION
control field 20000607103358.0
008 - FIXED-LENGTH DATA ELEMENTS--GENERAL INFORMATION
fixed length control field s1985 j 000 0 eng u
040 ## - CATALOGING SOURCE
Transcribing agency
100 1# - MAIN ENTRY--PERSONAL NAME
Personal name Stevens, Doug.
245 10 - TITLE STATEMENT
Title Called to care:
Remainder of title youth ministry for the church.
260 ## - PUBLICATION, DISTRIBUTION, ETC. (IMPRINT)
Place of publication, distribution, etc Grand Rapids, MI., :
Name of publisher, distributor, etc Youth Specialties, Zondervan Publishing House
Date of publication, distribution, etc c1985
300 ## - PHYSICAL DESCRIPTION
Extent 216 p. : illus. ;
Dimensions 24 cm.
650 ## - SUBJECT ADDED ENTRY--TOPICAL TERM
Topical term or geographic name as entry element Church Work with Youth
942 ## - ADDED ENTRY ELEMENTS (KOHA)
Source of classification or shelving scheme
Koha item type Books
Copies
Koha item type Source of classification or shelving scheme Date acquired Price effective from Not for loan Date last seen Shelving location Copy number Barcode Damaged status Withdrawn status Full call number Permanent Location Lost status
Books 2010-04-142010-04-14 2010-04-14General Stacks110308  BV 4447 .S689RHEMA Bible Training College